000 00848nam a2200265Ia 4500
003 OSt
005 20221005081040.0
006 a|||||r|||| 00| 0
007 ta
008 221004b |||||||| |||| 00| 0 eng d
020 _a9788120329737 (pbk)
_c325
024 _a99147
037 _b05629, 08/10/2009, Atlantic Publisher & Dist. Pvt Ltd.
_cTextual
040 _aCRL
_cCRL
_beng
041 _2eng
_aeng
082 _aX:513, P9
100 _aSharma Sangeeta
245 0 _aAdvertising
_b Planning and implementation
260 _aNew Delhi
_bPHI Learning Pvt. Ltd. India
_c2009
300 _axviii,478p.
_ccm.
650 _aECONOMICS
700 _a Singh Raghuvir
_9610795
942 _hX:513, P9
_cTEXL
_2cc
999 _c987115
_d987115